When god bowls a google (Record no. 194468)

000 -LEADER
fixed length control field 00431nam a22001697a 4500
005 - DATE AND TIME OF LATEST TRANSACTION
control field 20230406140623.0
008 - FIXED-LENGTH DATA ELEMENTS--GENERAL INFORMATION
fixed length control field 230406b ||||| |||| 00| 0 eng d
020 ## - INTERNATIONAL STANDARD BOOK NUMBER
International Standard Book Number 9789382585145
040 ## - CATALOGING SOURCE
Transcribing agency AACR2
082 ## - DEWEY DECIMAL CLASSIFICATION NUMBER
Classification number 813 AIY
100 ## - MAIN ENTRY--PERSONAL NAME
Personal name Aiyappa, Ashwath
9 (RLIN) 11802
245 ## - TITLE STATEMENT
Title When god bowls a google
260 ## - PUBLICATION, DISTRIBUTION, ETC.
Place of publication, distribution, etc. Madikeri
Name of publisher, distributor, etc. Megenta Press
Date of publication, distribution, etc. 2014
300 ## - PHYSICAL DESCRIPTION
Other physical details XV190p.
650 ## - SUBJECT ADDED ENTRY--TOPICAL TERM
Topical term or geographic name entry element English Literature
9 (RLIN) 14517
942 ## - ADDED ENTRY ELEMENTS (KOHA)
Source of classification or shelving scheme
Koha item type Gift Books
Holdings
Withdrawn status Lost status Source of classification or shelving scheme Damaged status Not for loan Collection code Home library Current library Shelving location Date acquired Total Checkouts Full call number Barcode Date last seen Price effective from Koha item type
          General Books Central Library Central Library Fiction 04/06/2023   813 AIY GF1492 07/14/2023 04/06/2023 Gift Books
          General Books Central Library Central Library Fiction 04/06/2023   813 AIY GF1493 04/06/2023 04/06/2023 Gift Books

Powered by Koha